Zsiráf (részlet) [regényrészlet] /

Elmentve itt :
Bibliográfiai részletek
Szerző: Ledgard J. M.
További közreműködők: Berta Ádám
Dokumentumtípus: Cikk
Megjelent: 2012
Sorozat:Tiszatáj 66 No. 2
Kulcsszavak:Angol irodalom - Skócia - regény
Online Access:http://tiszataj.bibl.u-szeged.hu/21272
LEADER 00623nab a2200193 i 4500
001 tisza21272
005 20200331093433.0
008 161122s2012 hu o 0|| hun d
022 |a 0133-1167 
040 |a SZTE Tiszatáj Archívum  |b hun 
041 |a hun 
100 1 |a Ledgard J. M. 
245 1 0 |a Zsiráf (részlet)   |h [elektronikus dokumentum] :  |b [regényrészlet] /  |c  Ledgard J. M. 
260 |c 2012 
300 |a 26-30 
490 0 |a Tiszatáj  |v 66 No. 2 
695 |a Angol irodalom - Skócia - regény 
700 0 1 |a Berta Ádám 
856 4 0 |u http://tiszataj.bibl.u-szeged.hu/21272/1/tiszataj_2012_002_026-030.pdf  |z Dokumentum-elérés